|
|
|
|
| LEADER |
01104nam a2200325 a 4500 |
| 001 |
000008771 |
| 003 |
CZ BrMZK |
| 005 |
20140609080121.0 |
| 007 |
ta |
| 008 |
930506s1993 xr f 000 0 cze d |
| 015 |
|
|
|a cnb000075624
|
| 020 |
|
|
|a 80-85279-82-7
|c 25.00
|
| 040 |
|
|
|a BOA001
|b cze
|
| 041 |
1 |
|
|a cze
|h eng
|
| 080 |
|
|
|a 82-312.5=850
|2 MRF
|
| 100 |
1 |
|
|a Stine, R. L.,
|d 1943-
|7 jn20000810286
|4 aut
|
| 245 |
1 |
0 |
|a Polibky smrti /
|c R.L. Stine ; [z anglického originálu ... přeložila Hana Procházková]
|
| 250 |
|
|
|a 1. vyd.
|
| 260 |
|
|
|a Praha :
|b Kredit,
|c 1993
|
| 300 |
|
|
|a 182 s. ;
|c 17 cm
|
| 490 |
1 |
|
|a Buldok. Stopy hrůzy ;
|v 18
|
| 500 |
|
|
|a Ze seriálu Ulice strachu
|
| 740 |
0 |
2 |
|a Ulice strachu
|
| 765 |
0 |
|
|t Goodnight kiss
|9 Česky
|
| 830 |
|
0 |
|a Buldok.
|p Stopy hrůzy (Kredit)
|0 s
|
| 856 |
4 |
1 |
|u http://www.digitalniknihovna.cz/mzk/uuid/uuid:d49d7340-efbe-11e3-b72e-005056827e52
|y Digitalizovaný dokument
|x NDK
|
| 910 |
|
|
|a BOA001
|b 1-0989.397
|
| 962 |
|
|
|a 82-31
|
| 990 |
|
|
|a BK
|
| 996 |
6 |
|
|b 2610000568
|c 1-0989.397
|l MZK
|r Sklad / do 1 hodiny
|n 10
|p p.v.
|w 000008771
|u 000010
|a 1
|e BOA001
|j MZK50
|s P
|